00627nam a2200193Ia 4500952014400000999001500144003000400159005001700163008004100180020001800221040000900239082001900248100002000267245003500287260004500322300000900367650001300376942004400389 00102ddc40708COMPUTER SCIENCEaMESbMEScCOMPd2019-02-20g410.00l0o005.133 XAV/Pp31367r2019-02-20 00:00:00w2019-02-20yBKzGL31R4 c8931d8931OSt20201008124745.0190216s9999||||xx |||||||||||||| ||und|| a9788187328735 coclc a005.133bXAV/P aXavier, C95476 0aProjects On Java 2 /cC Xavier bScitech Publications,aNew Delhi:c2003. a643p aComputer cBK2ddch005.133iXAV/Pk005.133mXAV/P